[Event "Izhevsk Corporation Cup-A 4th"]
[Site "Izhevsk"]
[Date "2012.07.18"]
[Round "4"]
[White "Lysyj, Igor"]
[Black "Dimukhametov, Artur"]
[Result "1-0"]
[WhiteElo "2632"]
[BlackElo "2355"]
[PlyCount "81"]
[EventDate "2012.07.15"]
[EventType "swiss"]
[EventRounds "9"]
[EventCountry "RUS"]
[SourceTitle "EXT 2013"]
[Source "ChessBase"]
[SourceDate "2012.11.22"]
[SourceVersion "1"]
[SourceVersionDate "2012.11.22"]
[SourceQuality "1"]

1. Nf3 d5 2. g3 Nf6 3. Bg2 c6 4. 0-0 Bf5 5. c4 dxc4 6. Na3 b5 7. b3 cxb3 8. axb3 Be4 9. d3 Bd5 10. Bb2 g6 11. e4 Be6 12. Nd4 Bg7 13. Nxe6 fxe6 14. e5 Nd5 15. h4 0-0 16. h5 gxh5 17. Qxh5 Rf5 18. Qe2 Rg5 19. d4 Bh6 20. Nc2 Rg7 21. Qh5 Bd2 22. Rad1 Ba5 23. Bc1 Nd7 24. Bh6 Rg6 25. Qh4 Nc3 26. Rde1 Rc8 27. b4 Bb6 28. Bd2 Nd5 29. Be4 a5 30. Bxg6 hxg6 31. Kg2 Nf8 32. Rh1 axb4 33. Qh8+ Kf7 34. Bh6 b3 35. Qg7+ Ke8 36. Qxf8+ Kd7 37. Qxd8+ Rxd8 38. Na1 b2 39. Nb3 Nc3 40. Rb1 Nxb1 41. Rxb1 1-0

[Event "Izhevsk Corporation Cup-A 4th"]
[Site "Izhevsk"]
[Date "2012.07.17"]
[Round "3"]
[White "Dimukhametov, Artur"]
[Black "Ipatov, Alexander"]
[Result "1-0"]
[WhiteElo "2355"]
[BlackElo "2147"]
[PlyCount "81"]
[EventDate "2012.07.15"]
[EventType "swiss"]
[EventRounds "9"]
[EventCountry "RUS"]
[SourceTitle "EXT 2013"]
[Source "ChessBase"]
[SourceDate "2012.11.22"]
[SourceVersion "1"]
[SourceVersionDate "2012.11.22"]
[SourceQuality "1"]

1. d4 Nf6 2. c4 g6 3. Nc3 Bg7 4. g3 0-0 5. Bg2 d6 6. Nf3 Nc6 7. 0-0 e5 8. d5 Ne7 9. e4 h6 10. Ne1 Nd7 11. Be3 f5 12. exf5 gxf5 13. f4 Nf6 14. fxe5 dxe5 15. Bc5 Re8 16. d6 cxd6 17. Qxd6 Qxd6 18. Bxd6 Ng4 19. Nb5 Bd7 20. Nc7 Nc6 21. Nxa8 Rxa8 22. Bd5+ Kh8 23. Nc2 e4 24. Bxc6 Bxc6 25. Rxf5 Ba4 26. h3 Bxc2 27. hxg4 e3 28. Rb5 Re8 29. Re1 e2 30. Kg2 Ba4 31. Rf5 Re6 32. Rd5 Bc6 33. Bf4 Bxb2 34. Kf2 Bxd5 35. cxd5 Bd4+ 36. Kf3 Re7 37. d6 Rd7 38. Ke4 Bc3 39. Rxe2 Kg7 40. Kd5 Kf7 41. Bxh6 1-0

[Event "Samara Polugaevsky Memorial 2nd"]
[Site "Samara"]
[Date "2012.07.12"]
[Round "8"]
[White "Dimukhametov, Artur"]
[Black "Khismatullin, Denis Rimovich"]
[Result "0-1"]
[WhiteElo "2355"]
[BlackElo "2664"]
[PlyCount "100"]
[EventDate "2012.07.05"]
[EventType "swiss"]
[EventRounds "9"]
[EventCountry "RUS"]
[SourceTitle "CBM 149 Extra"]
[Source "ChessBase"]
[SourceDate "2012.08.24"]
[SourceVersion "1"]
[SourceVersionDate "2012.08.24"]
[SourceQuality "1"]

1. d4 e6 2. c4 b6 3. a3 Bb7 4. Nc3 f5 5. d5 Nf6 6. g3 g6 7. Bg2 Bg7 8. Nh3 0-0 9. 0-0 Na6 10. Be3 c6 11. dxe6 dxe6 12. Qxd8 Raxd8 13. Ng5 Rfe8 14. Rad1 Nc7 15. Rxd8 Rxd8 16. Bf4 Nfe8 17. Nf3 c5 18. Ne5 Bxg2 19. Kxg2 Rd4 20. h4 Bf6 21. Rd1 Rxd1 22. Nxd1 Kg7 23. b4 cxb4 24. axb4 b5 25. Nb2 bxc4 26. Nbxc4 Nd5 27. Nc6 Nxf4+ 28. gxf4 a6 29. Kg3 Bc3 30. f3 Nf6 31. Nb8 Bxb4 32. Nxa6 Be1+ 33. Kg2 Nd5 34. e3 Bxh4 35. Nc5 Nc7 36. e4 Be7 37. Nd7 Nb5 38. Nde5 Nc3 39. Nc6 Bc5 40. Nd8 Kf6 41. Ne5 Be3 42. Ndc6 Ne2 43. Nd7+ Kg7 44. Nd8 Nxf4+ 45. Kg3 h5 46. exf5 exf5 47. Nb7 Nd3 48. Nd8 g5 49. Ne6+ Kf7 50. Nc7 Bf4+ 0-1

[Event "Samara Polugaevsky Memorial 2nd"]
[Site "Samara"]
[Date "2012.07.11"]
[Round "7"]
[White "Sazonova, Elena"]
[Black "Dimukhametov, Artur"]
[Result "0-1"]
[WhiteElo "2159"]
[BlackElo "2355"]
[PlyCount "132"]
[EventDate "2012.07.05"]
[EventType "swiss"]
[EventRounds "9"]
[EventCountry "RUS"]
[SourceTitle "CBM 149 Extra"]
[Source "ChessBase"]
[SourceDate "2012.08.24"]
[SourceVersion "1"]
[SourceVersionDate "2012.08.24"]
[SourceQuality "1"]

1. e4 e6 2. Nf3 d5 3. Nc3 d4 4. Ne2 c5 5. c3 Nf6 6. cxd4 cxd4 7. Nexd4 Nxe4 8. Qc2 Nf6 9. Bc4 Be7 10. 0-0 0-0 11. b3 Nbd7 12. Bb2 Nb6 13. Ne5 Nbd5 14. a3 Bd7 15. Rfe1 Rc8 16. Qd3 Nb6 17. Qf3 Nxc4 18. bxc4 Qc7 19. Rac1 Rfd8 20. Qh3 Be8 21. Nb3 Qd6 22. d4 b5 23. Nc5 Qb6 24. cxb5 Qxb5 25. Qc3 Nd5 26. Qc2 Qa5 27. Nc4 Qc7 28. Ne5 Qb8 29. Rb1 Qa8 30. Ned3 Bb5 31. Qb3 Bxd3 32. Nxd3 Bg5 33. Nc5 Bd2 34. Red1 Bh6 35. Qf3 Rb8 36. Bc3 Qc6 37. Ba5 Rdc8 38. Qe4 Qe8 39. g3 Rb5 40. Rxb5 Qxb5 41. Be1 Qc4 42. Rb1 g6 43. Nd7 Bg7 44. Ne5 Qa6 45. Qf3 Bf6 46. Kg2 Kg7 47. h4 h5 48. Bd2 Qd6 49. Rb7 Rc7 50. Rxc7 Qxc7 51. Bf4 Qb6 52. Qe4 Qb3 53. Qf3 Qa4 54. Qd3 Bxh4 55. Bd2 Bf6 56. Nf3 Be7 57. Bc1 Qc6 58. Qd2 Nf6 59. Bb2 Qd5 60. Qd3 Ng4 61. Kg1 Bf6 62. Qe2 Qa2 63. Qc2 Qd5 64. Qe2 Nh6 65. Kg2 Nf5 66. Qd2 g5 0-1

[Event "Samara Polugaevsky Memorial 2nd"]
[Site "Samara"]
[Date "2012.07.09"]
[Round "5"]
[White "Komendatyan, Artyom"]
[Black "Dimukhametov, Artur"]
[Result "0-1"]
[WhiteElo "2036"]
[BlackElo "2355"]
[PlyCount "60"]
[EventDate "2012.07.05"]
[EventType "swiss"]
[EventRounds "9"]
[EventCountry "RUS"]
[SourceTitle "CBM 149 Extra"]
[Source "ChessBase"]
[SourceDate "2012.08.24"]
[SourceVersion "1"]
[SourceVersionDate "2012.08.24"]
[SourceQuality "1"]

1. e4 e6 2. d4 d5 3. Nc3 Bb4 4. e5 c5 5. a3 Bxc3+ 6. bxc3 Qc7 7. Nf3 Nc6 8. Bd2 Bd7 9. Bd3 Nge7 10. h4 0-0-0 11. h5 f6 12. Bf4 cxd4 13. exf6 Qxf4 14. fxe7 Rde8 15. Rh4 Qf6 16. cxd4 Rxe7 17. g3 e5 18. dxe5 Nxe5 19. Nxe5 Rf8 20. f4 Rxe5+ 21. Kd2 Re6 22. Rb1 Rc6 23. Rb3 Rc7 24. Bxh7 Re8 25. Qf3 Qd4+ 26. Rd3 Rxc2+ 27. Kxc2 Ba4+ 28. Rb3 Bxb3+ 29. Qxb3 Re2+ 30. Kc1 Qd2+ 0-1

[Event "Samara Polugaevsky Memorial 2nd"]
[Site "Samara"]
[Date "2012.07.07"]
[Round "3"]
[White "Kobylsky, Evgeny"]
[Black "Dimukhametov, Artur"]
[Result "0-1"]
[WhiteElo "2091"]
[BlackElo "2355"]
[PlyCount "80"]
[EventDate "2012.07.05"]
[EventType "swiss"]
[EventRounds "9"]
[EventCountry "RUS"]
[SourceTitle "CBM 149 Extra"]
[Source "ChessBase"]
[SourceDate "2012.08.24"]
[SourceVersion "1"]
[SourceVersionDate "2012.08.24"]
[SourceQuality "1"]

1. e4 e6 2. d4 d5 3. e5 c5 4. c3 Qb6 5. Nf3 Nc6 6. Be2 cxd4 7. cxd4 Nh6 8. b3 Bb4+ 9. Kf1 Nf5 10. Bb2 h5 11. h4 Bd7 12. Nc3 0-0 13. Na4 Qc7 14. Nc5 f6 15. exf6 Rxf6 16. a3 Bxc5 17. dxc5 d4 18. Kg1 Be8 19. Ng5 Qf4 20. Qe1 Kh8 21. Rd1 Bg6 22. b4 Raf8 23. Bc1 Qb8 24. Bc4 Ne5 25. Bb3 Ng4 26. Ne4 R6f7 27. Bxe6 Re7 28. Ng5 Rf6 29. Qe2 Nxf2 30. Qxf2 Ng3 31. Qa2 Nxh1 32. Kxh1 Qg3 33. Qd5 Qxh4+ 34. Kg1 Qf2+ 35. Kh1 Qe2 36. Qxd4 Rexe6 37. Nxe6 Rxe6 38. Bh6 Re7 39. Bg5 Be4 40. Rg1 Qg4 0-1

[Event "Privolzhskogo FO-ch"]
[Site "Kazan"]
[Date "2012.03.04"]
[Round "7"]
[White "Dimukhametov, Artur"]
[Black "Predke, Alexandr"]
[Result "1/2-1/2"]
[WhiteElo "2327"]
[BlackElo "2467"]
[PlyCount "107"]
[EventDate "2012.02.26"]
[EventType "swiss"]
[EventRounds "9"]
[EventCountry "RUS"]
[SourceTitle "CBM 147 Extra"]
[Source "ChessBase"]
[SourceDate "2012.04.24"]
[SourceVersion "1"]
[SourceVersionDate "2012.04.24"]
[SourceQuality "1"]

1. d4 Nf6 2. Nf3 d5 3. c4 e6 4. Nc3 c6 5. cxd5 exd5 6. Bg5 Be7 7. Qc2 g6 8. e4 dxe4 9. Bxf6 Bxf6 10. Qxe4+ Kf8 11. Bc4 Kg7 12. 0-0-0 b5 13. Bb3 a5 14. Ne5 Ra7 15. Qe3 a4 16. Bc2 a3 17. b3 Qb6 18. g4 Re8 19. Qg3 c5 20. g5 Bd8 21. Rhe1 cxd4 22. Nc4 bxc4 23. Rxe8 cxb3 24. Bxb3 Ra5 25. f4 Bd7 26. Rxd8 Qxd8 27. Rxd4 Rc5 28. Kd2 Qa5 29. Qe3 Bf5 30. Rd5 Rxd5+ 31. Bxd5 Qc7 32. Qd4+ Kg8 33. Ke3 Nd7 34. Bb3 Qa5 35. Kf3 Nc5 36. Bd5 Ne6 37. Bxe6 Bxe6 38. Qf6 Qa8+ 39. Kg3 Qa5 40. Qd4 Qf5 41. Qd8+ Kg7 42. Qd4+ Kg8 43. Qd8+ Kg7 44. Qd4+ f6 45. Qxf6+ Qxf6 46. gxf6+ Kxf6 47. Nb5 Bc4 48. Nxa3 Bd3 49. Kf3 Kf5 50. Ke3 Ba6 51. Nc2 Kg4 52. Nd4 Kh3 53. Nf3 Kg4 54. Ng5 1/2-1/2

[Event "Privolzhskogo FO-ch"]
[Site "Kazan"]
[Date "2012.03.02"]
[Round "5"]
[White "Frolyanov, Dmitry"]
[Black "Dimukhametov, Artur"]
[Result "1-0"]
[WhiteElo "2555"]
[BlackElo "2327"]
[PlyCount "77"]
[EventDate "2012.02.26"]
[EventType "swiss"]
[EventRounds "9"]
[EventCountry "RUS"]
[SourceTitle "CBM 147 Extra"]
[Source "ChessBase"]
[SourceDate "2012.04.24"]
[SourceVersion "1"]
[SourceVersionDate "2012.04.24"]
[SourceQuality "1"]

1. e4 e6 2. d4 d5 3. Nc3 Bb4 4. e5 c5 5. a3 Bxc3+ 6. bxc3 Qa5 7. Bd2 Ne7 8. Nf3 c4 9. h4 Bd7 10. h5 h6 11. Rh4 Nbc6 12. Rf4 0-0-0 13. Rxf7 Nf5 14. Qb1 b6 15. g4 Be8 16. Rxf5 exf5 17. gxf5 Bxh5 18. Nh4 Rhe8 19. Bh3 Kb8 20. a4 Nxe5 21. dxe5 Rxe5+ 22. Kf1 Re4 23. Ng2 Qc5 24. Bf4+ Kb7 25. Qb5 Qxb5 26. axb5 Bf3 27. Be3 g5 28. fxg6 Rg8 29. Nf4 Rf8 30. g7 Rg8 31. Be6 Rxf4 32. Bxf4 Rxg7 33. Bh3 Be4 34. Re1 Bxc2 35. Re8 a5 36. Be5 Bd3+ 37. Ke1 a4 38. Bxg7 a3 39. Bd7 1-0

[Event "Moscow op-A"]
[Site "Moscow"]
[Date "2012.02.05"]
[Round "9"]
[White "Demidov, Mikhail"]
[Black "Dimukhametov, Artur"]
[Result "1-0"]
[WhiteElo "2451"]
[BlackElo "2327"]
[PlyCount "73"]
[EventDate "2012.01.28"]
[EventType "swiss"]
[EventRounds "9"]
[EventCountry "RUS"]
[SourceTitle "CBM 146 Extra"]
[Source "ChessBase"]
[SourceDate "2012.02.29"]
[SourceVersion "1"]
[SourceVersionDate "2012.02.29"]
[SourceQuality "1"]

1. d4 d5 2. c4 c6 3. Nf3 dxc4 4. e3 Be6 5. Nc3 Nf6 6. Ng5 Bd5 7. e4 h6 8. exd5 hxg5 9. dxc6 Nxc6 10. d5 Ne5 11. Qd4 Nfd7 12. Bxg5 Qb6 13. Qxb6 axb6 14. Be3 g5 15. Nb5 Ra5 16. Na3 c3 17. Rc1 e6 18. dxe6 fxe6 19. Rxc3 Bb4 20. Bd2 Bxc3 21. Bxc3 Rc5 22. Be2 Rh4 23. Nb5 Kd8 24. f3 Nc6 25. Nd6 Kc7 26. Ne4 Rf5 27. g3 Rh3 28. g4 Rd5 29. Bc4 Nd4 30. Bxd5 Nxf3+ 31. Ke2 exd5 32. Nf2 Rh7 33. Kxf3 Rf7+ 34. Ke2 Nc5 35. h4 Kd6 36. hxg5 Ne6 37. Rh6 1-0

[Event "Moscow op-A"]
[Site "Moscow"]
[Date "2012.01.30"]
[Round "3"]
[White "Dimukhametov, Artur"]
[Black "Nozdrachev, Vladislav"]
[Result "1-0"]
[WhiteElo "2327"]
[BlackElo "2463"]
[PlyCount "73"]
[EventDate "2012.01.28"]
[EventType "swiss"]
[EventRounds "9"]
[EventCountry "RUS"]
[SourceTitle "CBM 146 Extra"]
[Source "ChessBase"]
[SourceDate "2012.02.29"]
[SourceVersion "1"]
[SourceVersionDate "2012.02.29"]
[SourceQuality "1"]

1. d4 Nf6 2. c4 e6 3. Nc3 Bb4 4. f3 d5 5. a3 Be7 6. e4 dxe4 7. fxe4 e5 8. d5 Bc5 9. Bg5 Bd4 10. Qf3 Nbd7 11. Nge2 c5 12. Ng3 h6 13. Bd2 g6 14. Bd3 Kf8 15. 0-0-0 Kg7 16. Rdf1 Qe7 17. Nb5 Ne8 18. Ne2 a6 19. Nbc3 Nd6 20. g4 b5 21. cxb5 c4 22. Bc2 axb5 23. Na2 Bb6 24. Nb4 Bb7 25. Nc6 Bxc6 26. dxc6 Nc5 27. Nc3 Ba5 28. Be3 Na6 29. Nd5 Qe6 30. Qg3 Bd8 31. g5 h5 32. c7 Nxc7 33. Rf6 Nf5 34. exf5 Qxd5 35. Rd1 h4 36. Qf2 Qb7 37. fxg6 1-0

[Event "Moscow op-A"]
[Site "Moscow"]
[Date "2012.01.29"]
[Round "2"]
[White "Bolychevsky, Alexander"]
[Black "Dimukhametov, Artur"]
[Result "0-1"]
[WhiteElo "1882"]
[BlackElo "2327"]
[PlyCount "76"]
[EventDate "2012.01.28"]
[EventType "swiss"]
[EventRounds "9"]
[EventCountry "RUS"]
[SourceTitle "CBM 146 Extra"]
[Source "ChessBase"]
[SourceDate "2012.02.29"]
[SourceVersion "1"]
[SourceVersionDate "2012.02.29"]
[SourceQuality "1"]

1. Nf3 d5 2. g3 Nf6 3. Bg2 c5 4. 0-0 Nc6 5. d4 cxd4 6. Nxd4 g6 7. c4 Bg7 8. Nc3 Nxd4 9. Qxd4 dxc4 10. Qxd8+ Kxd8 11. Rd1+ Nd7 12. Bd5 e6 13. Bxc4 Ke7 14. Bg5+ Bf6 15. Bxf6+ Nxf6 16. e4 Bd7 17. Rd2 Bc6 18. f3 a6 19. e5 Nd7 20. f4 g5 21. Kf2 gxf4 22. gxf4 Rhg8 23. Rg1 b5 24. Bd3 Rxg1 25. Kxg1 Rg8+ 26. Kf1 f5 27. b4 Rg4 28. Rf2 Nf8 29. Ne2 Ng6 30. Ke1 Nh4 31. Kd2 Nf3+ 32. Ke3 Ne1 33. Kd2 Ng2 34. Kc3 Bd5 35. a3 Rh4 36. Kd4 Rxh2 37. Bxf5 exf5 38. Kxd5 Ne3+ 0-1

[Event "Chigorin Memorial 19th"]
[Site "St Petersburg"]
[Date "2011.10.21"]
[Round "8"]
[White "Dimukhametov, Artur"]
[Black "Belous, Vladimir"]
[Result "0-1"]
[WhiteElo "2337"]
[BlackElo "2504"]
[PlyCount "169"]
[EventDate "2011.10.14"]
[EventType "swiss"]
[EventRounds "9"]
[EventCountry "RUS"]
[SourceTitle "CBM 144 Extra"]
[Source "ChessBase"]
[SourceDate "2011.10.28"]
[SourceVersion "1"]
[SourceVersionDate "2011.10.28"]
[SourceQuality "1"]

1. d4 Nf6 2. c4 g6 3. Nc3 Bg7 4. Nf3 d5 5. cxd5 Nxd5 6. e4 Nxc3 7. bxc3 0-0 8. Be3 c5 9. Qd2 Qa5 10. Rc1 cxd4 11. cxd4 Qxd2+ 12. Kxd2 Rd8 13. Ke1 Nc6 14. d5 Na5 15. Bg5 Bd7 16. Bxe7 Re8 17. d6 Nc6 18. Bb5 Bf8 19. Nd2 Bxe7 20. dxe7 Rxe7 21. f3 Rd8 22. Nb3 f5 23. Nc5 Be8 24. Kf2 Rd2+ 25. Kg3 Nd4 26. Bc4+ Bf7 27. Rhd1 Ne2+ 28. Bxe2 Rxe2 29. Rd7 Rxd7 30. Nxd7 fxe4 31. Nf6+ Kf8 32. Nxe4 Be8 33. Rc8 Rxa2 34. Nd6 Re2 35. Nxb7 Re6 36. Ra8 Rc6 37. Na5 Rc7 38. Kf4 Kf7 39. h4 Bd7 40. Rd8 Be6 41. Rd6 Bd7 42. g4 Ke7 43. Rd5 Rc3 44. h5 Be6 45. Rb5 Kd6 46. h6 Bd5 47. Nb7+ Kc6 48. Ra5 Rxf3+ 49. Ke5 Re3+ 50. Kf6 Re6+ 51. Kg5 Re7 52. Nd8+ Kd6 53. Kf6 Rd7 54. Ra6+ Kc5 55. Ne6+ Kb5 56. Ra1 a5 57. Rb1+ Kc4 58. Rc1+ Kb4 59. Rb1+ Kc3 60. Nc5 Ra7 61. Na4+ Kc2 62. Rb2+ Kd3 63. Rb6 Kd4 64. Nb2 Ke4 65. Rb5 Kd4 66. Rb6 Be4 67. Rd6+ Kc5 68. Re6 Bd5 69. Re8 Kd4 70. Na4 Rf7+ 71. Kg5 Bc6 72. Rd8+ Kc4 73. Rc8 Kb5 74. Nc3+ Kb6 75. Rg8 Rf3 76. Ne2 a4 77. Nd4 a3 78. Rb8+ Bb7 79. Re8 a2 80. Re1 Rf2 81. Nb3 Bd5 82. Na1 Rf7 83. Nc2 Kb5 84. Re5 Kc4 85. Rxd5 0-1

[Event "Chigorin Memorial 19th"]
[Site "St Petersburg"]
[Date "2011.10.19"]
[Round "6"]
[White "Dimukhametov, Artur"]
[Black "Gavrilov, Alexei"]
[Result "0-1"]
[WhiteElo "2337"]
[BlackElo "2509"]
[PlyCount "48"]
[EventDate "2011.10.14"]
[EventType "swiss"]
[EventRounds "9"]
[EventCountry "RUS"]
[SourceTitle "CBM 144 Extra"]
[Source "ChessBase"]
[SourceDate "2011.10.28"]
[SourceVersion "1"]
[SourceVersionDate "2011.10.28"]
[SourceQuality "1"]

1. d4 Nf6 2. c4 e6 3. Nc3 Bb4 4. Qc2 d5 5. cxd5 Qxd5 6. Nf3 Qf5 7. Qb3 Nc6 8. Bd2 0-0 9. h3 Rd8 10. g4 Qg6 11. e3 Bd6 12. Bg2 e5 13. d5 Nb4 14. Nh4 Nc2+ 15. Ke2 Nxa1 16. Rxa1 Bxg4+ 17. hxg4 Qxg4+ 18. Bf3 Qxh4 19. e4 Bc5 20. Rf1 Bb6 21. a4 Nh5 22. a5 Bxa5 23. Qxb7 Nf4+ 24. Bxf4 Qxf4 0-1

[Event "Samara Polugaevsky Memorial 1st"]
[Site "Samara"]
[Date "2011.07.10"]
[Round "6"]
[White "Dimukhametov, Artur"]
[Black "Zhurikhin, Alexander"]
[Result "1-0"]
[WhiteElo "2320"]
[BlackElo "2223"]
[PlyCount "87"]
[EventDate "2011.07.05"]
[EventType "swiss"]
[EventRounds "9"]
[EventCountry "RUS"]
[SourceTitle "CBM 143 Extra"]
[Source "ChessBase"]
[SourceDate "2011.08.29"]
[SourceVersion "1"]
[SourceVersionDate "2011.08.29"]
[SourceQuality "1"]

1. d4 Nf6 2. c4 e6 3. Nc3 Bb4 4. Qc2 0-0 5. a3 Bxc3+ 6. Qxc3 d5 7. Nf3 dxc4 8. Qxc4 b6 9. Bg5 Ba6 10. Qa4 c5 11. dxc5 bxc5 12. Qc2 h6 13. Rd1 Qa5+ 14. Qd2 Qxd2+ 15. Bxd2 Nc6 16. Bf4 Rfd8 17. e3 Bxf1 18. Rxf1 g5 19. Bc7 Rdc8 20. Bg3 Ne4 21. Ke2 c4 22. Nd2 Nxg3+ 23. hxg3 Ne5 24. f4 Nd3 25. Nxc4 Nxf4+ 26. gxf4 Rxc4 27. fxg5 hxg5 28. Rd7 f5 29. Kd3 Rcc8 30. Rh1 Rd8 31. Rhh7 Rxd7+ 32. Rxd7 Rb8 33. b4 a5 34. bxa5 Ra8 35. Kc4 Rxa5 36. Kb4 Ra8 37. a4 Kf8 38. a5 e5 39. Rh7 Rb8+ 40. Kc5 Rb2 41. a6 Rxg2 42. a7 Ra2 43. Kd5 Ra5+ 44. Ke6 1-0

[Event "Samara Polugaevsky Memorial 1st"]
[Site "Samara"]
[Date "2011.07.08"]
[Round "4"]
[White "Dimukhametov, Artur"]
[Black "Baraeva, Marina"]
[Result "1-0"]
[WhiteElo "2320"]
[BlackElo "2197"]
[PlyCount "101"]
[EventDate "2011.07.05"]
[EventType "swiss"]
[EventRounds "9"]
[EventCountry "RUS"]
[SourceTitle "CBM 143 Extra"]
[Source "ChessBase"]
[SourceDate "2011.08.29"]
[SourceVersion "1"]
[SourceVersionDate "2011.08.29"]
[SourceQuality "1"]

1. d4 d5 2. c4 c6 3. Nc3 Nf6 4. e3 a6 5. a4 a5 6. Nf3 e6 7. Ne5 Nbd7 8. f4 Ne4 9. Nxe4 dxe4 10. c5 Nxe5 11. fxe5 Qg5 12. Qc2 Qg6 13. Bc4 f6 14. 0-0 Be7 15. Rf4 f5 16. Bd2 0-0 17. Kh1 Qh6 18. Raf1 g6 19. Qb3 Kh8 20. Bxe6 Bxe6 21. Qxe6 Bg5 22. d5 cxd5 23. Bc3 Rad8 24. Bd4 Bxf4 25. Rxf4 Qg7 26. Rh4 Rfe8 27. Qb6 Kg8 28. Qxa5 Qd7 29. b3 Re6 30. Qe1 Qe7 31. Qg3 Rc8 32. b4 b6 33. Rf4 bxc5 34. bxc5 Rxc5 35. Bxc5 Qxc5 36. Rf1 Qc4 37. Ra1 Qc3 38. Rb1 Rb6 39. Rg1 Ra6 40. h3 Rxa4 41. Qg5 Ra8 42. Qe7 Qc6 43. e6 Qe8 44. Qd6 Rd8 45. Qe5 Qe7 46. Rc1 Qg7 47. Qf4 Re8 48. Rc6 Qf6 49. Qd6 Qd8 50. Qd7 Qb8 51. Rc7 1-0

[Event "Nabereznye Chelny op 8th"]
[Site "Nabereznye Chelny"]
[Date "2010.01.26"]
[Round "8"]
[White "Popov, Roman"]
[Black "Dimukhametov, Artur"]
[Result "0-1"]
[WhiteElo "2376"]
[BlackElo "2242"]
[PlyCount "56"]
[EventDate "2010.01.19"]
[EventType "swiss"]
[EventRounds "9"]
[EventCountry "RUS"]
[SourceTitle "CBM 134 Extra"]
[Source "ChessBase"]
[SourceDate "2010.03.03"]
[SourceVersion "1"]
[SourceVersionDate "2010.03.03"]
[SourceQuality "1"]

1. Nf3 d5 2. d4 Nf6 3. c4 c6 4. e3 Bf5 5. Nc3 e6 6. Nh4 Bg6 7. Be2 Nbd7 8. 0-0 Bd6 9. g3 0-0 10. Nxg6 hxg6 11. Qc2 Rc8 12. c5 Bc7 13. f4 Ba5 14. Bd3 b6 15. cxb6 axb6 16. Qg2 c5 17. Bd2 Ne8 18. g4 f5 19. Kh1 Ndf6 20. gxf5 gxf5 21. Be1 Ng4 22. Rf3 Kf7 23. dxc5 Rh8 24. Rh3 Nef6 25. Rd1 Qe7 26. c6 Qc5 27. b4 Bxb4 28. Na4 Qxc6 0-1

[Event "Nabereznye Chelny op 8th"]
[Site "Nabereznye Chelny"]
[Date "2010.01.24"]
[Round "6"]
[White "Makhmutov, Rail"]
[Black "Dimukhametov, Artur"]
[Result "0-1"]
[WhiteElo "2062"]
[BlackElo "2242"]
[PlyCount "98"]
[EventDate "2010.01.19"]
[EventType "swiss"]
[EventRounds "9"]
[EventCountry "RUS"]
[SourceTitle "CBM 134 Extra"]
[Source "ChessBase"]
[SourceDate "2010.03.03"]
[SourceVersion "1"]
[SourceVersionDate "2010.03.03"]
[SourceQuality "1"]

1. e4 c5 2. Nc3 e6 3. g3 Nc6 4. Bg2 Nf6 5. f4 d5 6. e5 Nd7 7. Nf3 b6 8. 0-0 Bb7 9. d3 Be7 10. Bd2 a6 11. Qe2 g6 12. Rae1 Qc7 13. Nd1 Nb4 14. c3 Nc2 15. Ne3 Nxe1 16. Rxe1 0-0-0 17. d4 Kb8 18. Ng4 h5 19. Nf2 Ka7 20. Nh3 Nb8 21. Nhg5 Rhf8 22. Nh7 Rh8 23. Nhg5 Bf8 24. h3 Nc6 25. Kh2 cxd4 26. cxd4 Bb4 27. Rc1 Bxd2 28. Qxd2 Rc8 29. b3 Qe7 30. Ne1 Rc7 31. Ngf3 Rhc8 32. Rd1 Qb4 33. Qb2 Na5 34. Nd3 Qc3 35. Qe2 Nc6 36. Nde1 Nb4 37. Rd2 Qc1 38. Bf1 Rc3 39. h4 a5 40. Qf2 Ba6 41. Bxa6 Kxa6 42. Kg2 Ka7 43. Qe2 Qa1 44. Qf2 Rc1 45. Kh3 Rd1 46. Re2 Nd3 47. Nxd3 Rxd3 48. Kg2 Rcc3 49. Ng5 Qd1 0-1

[Event "Nabereznye Chelny op 8th"]
[Site "Nabereznye Chelny"]
[Date "2010.01.22"]
[Round "4"]
[White "Geller, Jakov"]
[Black "Dimukhametov, Artur"]
[Result "1-0"]
[WhiteElo "2535"]
[BlackElo "2242"]
[PlyCount "55"]
[EventDate "2010.01.19"]
[EventType "swiss"]
[EventRounds "9"]
[EventCountry "RUS"]
[SourceTitle "CBM 134 Extra"]
[Source "ChessBase"]
[SourceDate "2010.03.03"]
[SourceVersion "1"]
[SourceVersionDate "2010.03.03"]
[SourceQuality "1"]

1. e4 e6 2. d4 d5 3. Nc3 Nf6 4. e5 Nfd7 5. f4 c5 6. Nf3 Nc6 7. Be3 a6 8. Qd2 b5 9. a3 Qb6 10. Ne2 Bb7 11. Rd1 Be7 12. dxc5 Bxc5 13. Ned4 0-0 14. b4 Bxd4 15. Nxd4 Nxd4 16. Bxd4 Qd8 17. Bd3 Rc8 18. 0-0 Re8 19. Rde1 Nf8 20. g4 Qh4 21. Qg2 Ng6 22. Re3 Qd8 23. f5 Nh4 24. Qf2 exf5 25. gxf5 Rc4 26. Rg3 Rxe5 27. Bxe5 d4 28. Bxc4 1-0

[Event "RUS-ch Students"]
[Site "Belgorod"]
[Date "2009.10.13"]
[Round "9"]
[White "Dimukhametov, Artur"]
[Black "Shandakov, Artem"]
[Result "1/2-1/2"]
[WhiteElo "2285"]
[BlackElo "1907"]
[PlyCount "83"]
[EventDate "2009.10.05"]
[EventType "swiss"]
[EventRounds "9"]
[EventCountry "RUS"]
[SourceTitle "EXT 2010"]
[Source "ChessBase"]
[SourceDate "2010.11.25"]
[SourceVersion "1"]
[SourceVersionDate "2010.11.25"]
[SourceQuality "1"]

1. d4 d5 2. c4 c6 3. Nc3 e6 4. Nf3 Nf6 5. e3 Nbd7 6. Qc2 a6 7. b3 g6 8. Bd3 b5 9. 0-0 b4 10. Ne2 Bg7 11. a3 c5 12. dxc5 Nxc5 13. axb4 Nxd3 14. Qxd3 0-0 15. Rd1 Bb7 16. Bb2 Qc7 17. Be5 Qb6 18. c5 Qxb4 19. Bd6 Rfd8 20. Nfd4 Rxd6 21. cxd6 Qxd6 22. Nc3 e5 23. Nde2 e4 24. Qd2 Ng4 25. Ng3 f5 26. Ra5 d4 27. exd4 Bh6 28. Qa2 e3 29. b4+ Kh8 30. Qf7 exf2+ 31. Kh1 Bxg2+ 32. Kxg2 Ne3+ 33. Kxf2 Nxd1+ 34. Nxd1 Qxd4+ 35. Kg2 Qxd1 36. Rd5 Qc2+ 37. Kh3 Rf8 38. Rd8 Rxd8 39. Qf6+ Kg8 40. Qe6+ Kf8 41. Qf6+ Ke8 42. Qe6+ 1/2-1/2

[Event "RUS-ch Students"]
[Site "Belgorod"]
[Date "2009.10.11"]
[Round "7"]
[White "Faizrakhmanov, Gennadi"]
[Black "Dimukhametov, Artur"]
[Result "1-0"]
[WhiteElo "2350"]
[BlackElo "2285"]
[PlyCount "31"]
[EventDate "2009.10.05"]
[EventType "swiss"]
[EventRounds "9"]
[EventCountry "RUS"]
[SourceTitle "EXT 2010"]
[Source "ChessBase"]
[SourceDate "2010.11.25"]
[SourceVersion "1"]
[SourceVersionDate "2010.11.25"]
[SourceQuality "1"]

1. e4 e6 2. Nf3 d5 3. Nc3 Nf6 4. e5 Nfd7 5. d4 Be7 6. Bd3 c5 7. dxc5 Nxc5 8. 0-0 Nc6 9. a3 g5 10. Bb5 Qc7 11. Nxg5 Qxe5 12. Re1 Qf5 13. Re3 Qxg5 14. Rxe6 Bxe6 15. Bxg5 Bxg5 16. Qd4 1-0

[Event "RUS-ch Students"]
[Site "Belgorod"]
[Date "2009.10.07"]
[Round "3"]
[White "Dimukhametov, Artur"]
[Black "Demin, Vladimir"]
[Result "1/2-1/2"]
[WhiteElo "2285"]
[BlackElo "2439"]
[PlyCount "26"]
[EventDate "2009.10.05"]
[EventType "swiss"]
[EventRounds "9"]
[EventCountry "RUS"]
[SourceTitle "EXT 2010"]
[Source "ChessBase"]
[SourceDate "2010.11.25"]
[SourceVersion "1"]
[SourceVersionDate "2010.11.25"]
[SourceQuality "1"]

1. d4 Nf6 2. c4 c6 3. Nc3 d5 4. Bg5 dxc4 5. a4 Nbd7 6. Nf3 h6 7. Bh4 Qa5 8. e3 Nd5 9. Qc1 e5 10. Bxc4 Bb4 11. Bxd5 Qxd5 12. 0-0 Qa5 13. Na2 exd4 1/2-1/2